000 01237nam a2200229Ia 4500
003 Ost
005 20260416102358.0
008 260416s9999||||xx |||||||||||||| ||und||
040 _cfsecg
041 _aara
082 _a350.1
100 _aبلاغماس، بركة
_eمؤلف
245 0 _a إدارة السلوك التنظيمي :
_b إدارة السلوك التنظيمي /
_c بركة بلاغماس
260 _aالجزائر
_bجامعة الجزائر3: كلية العلوم الإقتصادية، العلوم التجارية وعلوم التسيير
_c2022
300 _a101 ورقة
_bايضاحات
_c30 سم
504 _aمراجع ص.91
520 _aالاطار النظري للسلوك التنظيمي ، السلوك الفردي داخل المنظمة ، البعد الجماعي (السلوك الجماعي داخل المنظمة) و الابعاد التنظيمية و بعض المفاهيم الادارية الحديثة .
653 _aادارة الافراد
653 _aالادارة- تنظيم
710 _aجامعة الجزائر3: كلية العلوم الإقتصادية، العلوم التجارية وعلوم التسيير
_eناشر علمي
942 _cHANDOUT
999 _c41283
_d41283